Freedom From Britain First Quiz Stats

Quiz Updated Apr 12, 2016

Challenge
Share
Tweet
Embed
Score 0/20 Timer 04:00
0 Plays Today
A Enter 'A' or 'B' % Correct
Australia???
79%
Tuvalu???
74.2%
Ghana???
67.9%
Solomon Islands???
67.8%
Malawi???
63.2%
Vanuatu???
63%
Myanmar???
58%
Bahrain???
55.1%
Nigeria???
54.9%
Trinidad and Tobago???
54.7%
A Enter 'A' or 'B' % Correct
Lesotho???
53.6%
Sudan???
52.6%
Grenada???
51.3%
Qatar???
50.3%
The Gambia???
48.8%
Seychelles???
48.1%
Mauritius???
46%
Saint Kitts and Nevis???
45.9%
Jamaica???
43.3%
Antigua and Barbuda???
36.1%

You're not logged in!

Compare scores with friends on all Sporcle quizzes.
Join for Free
OR
Log In

You Might Also Like...

Show Comments

Extras

Top Quizzes Today


Score Distribution

Your Account Isn't Verified!

In order to create a playlist on Sporcle, you need to verify the email address you used during registration. Go to your Sporcle Settings to finish the process.

Report this User

Report this user for behavior that violates our Community Guidelines.

Details: